STUDY GUIDE FOR MATERNAL CHILD NURSING CARE (Record no. 15224)

MARC details
000 -LEADER
fixed length control field 00301nam a22001337a 4500
003 - CONTROL NUMBER IDENTIFIER
control field SGT
020 ## - INTERNATIONAL STANDARD BOOK NUMBER
International Standard Book Number 978-0-323-09607-2
082 ## - DEWEY DECIMAL CLASSIFICATION NUMBER
Classification number 618.92
Item number S14P
100 ## - MAIN ENTRY--PERSONAL NAME
Personal name PERRY
245 ## - TITLE STATEMENT
Title STUDY GUIDE FOR MATERNAL CHILD NURSING CARE
260 ## - PUBLICATION, DISTRIBUTION, ETC. (IMPRINT)
Place of publication, distribution, etc MOSBY
Name of publisher, distributor, etc ELSEVIER
Year of Publication 2014
300 ## - PAGE DESCRIPTION
No. of Pages 314
942 ## - ADDED ENTRY ELEMENTS (KOHA)
Source of classification or shelving scheme Dewey Decimal Classification
Koha item type Books
Holdings
Withdrawn status Lost status Source of classification or shelving scheme Damaged status Not for loan Collection code Home library Current library Shelving location Date acquired Vendor Name SGTU Bill Number Total Checkouts Full call number Accession No. (Barcode) Date last seen Bill Date Koha item type
    Dewey Decimal Classification     NURSING SGT Medical Library SGT Medical Library Reference Book 12/02/2018 ABC SGTU 7429   618.92 S14P FN3761 12/02/2018 04/11/2016 Books
    Dewey Decimal Classification     NURSING SGT Medical Library SGT Medical Library Reference Book 12/02/2018 ABC SGTU 7429   618.92 S14P FN3762 12/02/2018 04/11/2016 Books
    Dewey Decimal Classification     NURSING SGT Medical Library SGT Medical Library Reference Book 12/02/2018 ABC SGTU 7429   618.92 S14P FN3763 12/02/2018 04/11/2016 Books